Missing Word: American Civil War Movies Quiz Stats

 Plays Quiz Updated Jun 28, 2014

Support Sporcle.
Go Orange.
Score 0/14 Timer 02:00
1 Play Today
Movie Missing Word % Correct
____ with the WindGone
99.1%
The ____, the Bad and the UglyGood
97.3%
Gangs of New ____York
93.7%
Dances with ______Wolves
92%
The ___ Badge of CourageRed
80%
The _____ of GettysburgBattle
74.9%
The Birth of a ______Nation
74.5%
Movie Missing Word % Correct
The ______ Josey WalesOutlaw
67.9%
____ MountainCold
67%
___ LoboRio
37.9%
Gods and ________Generals
36.2%
Ride with the _____Devil
31.3%
The Horse ________Soldiers
17.3%
The Littlest _____Rebel
12.7%

Today's Daily Dose

You're not logged in!

Compare scores with friends on all Sporcle quizzes.
OR
Log In

From the Vault

Disney Lyrics: Into the Unknown

by wickedsmileyify

Are we supposed to let it go into the unknown? Or build a snowman into the unknown?
Remove Ads.
Support Sporcle.
Get the best of Sporcle when you Go Orange. This ad-free experience offers more features, more stats, and more fun while also helping to support Sporcle. Thank you for becoming a member.

Show Comments

Extras

Top Quizzes Today


Score Distribution

Your Account Isn't Verified!

In order to create a playlist on Sporcle, you need to verify the email address you used during registration. Go to your Sporcle Settings to finish the process.

Report this User

Report this user for behavior that violates our Community Guidelines.

Details: